Kolonialität und Geschlecht im 20. Jahrhundert : Eine Geschichte der weißen Schweiz.

Bibliographic Details
Main Author: Purtschert, Patricia.
Format: eBook
Language:German
Published: Bielefeld : transcript, 2019.
Edition:1st ed.
Series:Postcolonial Studies
Subjects:
Online Access:Click to View
LEADER 03178nam a22003853i 4500
001 EBC6956012
003 MiAaPQ
005 20231204023223.0
006 m o d |
007 cr cnu||||||||
008 231204s2019 xx o ||||0 ger d
020 |a 9783839444108  |q (electronic bk.) 
020 |z 9783837644104 
035 |a (MiAaPQ)EBC6956012 
035 |a (Au-PeEL)EBL6956012 
035 |a (OCoLC)1100459102 
040 |a MiAaPQ  |b eng  |e rda  |e pn  |c MiAaPQ  |d MiAaPQ 
100 1 |a Purtschert, Patricia. 
245 1 0 |a Kolonialität und Geschlecht im 20. Jahrhundert :  |b Eine Geschichte der weißen Schweiz. 
250 |a 1st ed. 
264 1 |a Bielefeld :  |b transcript,  |c 2019. 
264 4 |c {copy}2019. 
300 |a 1 online resource (371 pages) 
336 |a text  |b txt  |2 rdacontent 
337 |a computer  |b c  |2 rdamedia 
338 |a online resource  |b cr  |2 rdacarrier 
490 1 |a Postcolonial Studies 
505 0 |a Cover -- Inhalt -- Kolonialität und Geschlecht - Eine Einleitung -- Kapitel 1. Weiße Waren: Die Erfindung der Schweizer Hausfrau -- Vignette: ›Total‹ macht aus Braunbären wieder Eisbären -- Schweizer Warenrassismus -- Die Erfindung des ›weissen N-‹: Erster Teil -- Eine koloniale Genealogie des ›weissen N-‹ -- Das ›Senegalesendorf‹ im Zürcher Zoo -- Weisse Männlichkeit und anti-egalitäres Othering -- Schweizer Schokolade und die Kommodifizierung Schwarzer Körper -- Die Erfindung des ›weissen N-‹: Zweiter Teil -- Warenrassismus und Othering -- Weisse Weiblichkeit in der Werbung -- Die Schweizer Hausfrau und ›the white woman's burden‹ -- Kolonialer Zivilisationsneid -- Schwarzer Neid auf weisses Glück -- Konklusion: Weisssein als Versprechen -- Kapitel 2 Kämpfe im Himalaya: Schweizer Helden in kolonialen Abenteuern -- Vignette: Kampf am Everest -- Imaginäre Bergtopografien -- Die Schweiz und die Berge in Zeiten der Dekolonisierung -- Erforschen und Erobern -- Tropische Alpen, alpine Tropen -- Schweizer ›Berg-Othering‹ -- Der ›native informant‹ und die Grenzen der Kultur -- Nationale Freiheit und koloniale Expansion -- Koloniale Kämpfe am Himalaya -- Die Internationalisierung des Höhenbergsteigens -- Nepal und die Schweiz: Ein Verhältnis ›ungleicher Ähnlichkeit‹ -- Sahibs und Sherpas -- Männlichkeit in der Todeszone -- Über ›Rassengrenzen‹ hinweg: Tenzing Norgay und Raymond Lambert -- Schweizer ›Technokolonialismus‹ -- Konklusion: ›Berg-Othering‹ und Dekolonisation -- Nachwort -- Danksagung -- Abbildungsverzeichnis -- Literatur. 
588 |a Description based on publisher supplied metadata and other sources. 
590 |a Electronic reproduction. Ann Arbor, Michigan : ProQuest Ebook Central, 2023. Available via World Wide Web. Access may be limited to ProQuest Ebook Central affiliated libraries.  
655 4 |a Electronic books. 
776 0 8 |i Print version:  |a Purtschert, Patricia  |t Kolonialität und Geschlecht im 20. Jahrhundert  |d Bielefeld : transcript,c2019  |z 9783837644104 
797 2 |a ProQuest (Firm) 
830 0 |a Postcolonial Studies 
856 4 0 |u https://ebookcentral.proquest.com/lib/matrademy/detail.action?docID=6956012  |z Click to View